000 01693nam a2200373 a 4500
001 000045216
003 DO-SdBPM
005 20260128131516.0
007 ta
008 150210s2002 dr a 000 0 spa d
020 _a999343342X
040 _aDO-SdBPM
_bspa
_cBPMSU
_drda
082 _a362.5
_bP739r 2002
_222
245 0 0 _aPobreza rural en América Latina y la República Dominicana :
_bdesafíos para el diseño y gestión de políticas y programas sociales /
_cJefrey Lizardo, editor.
246 1 0 _aDesafíos para el diseño y gestión de políticas y programas sociales.
264 _aSanto Domingo :
_bINDES,
_c2002.
300 _a175 páginas :
_bilustraciones., tablas., gráficos. ;
_c27 cm.
336 _atexto
_btxt
_2rdacontent
337 _asin mediación
_bn
_2rdamedia
338 _avolumen
_bnc
_2rdacarrier
490 0 _aTemas especializados en gerencia social,
_v1
500 _aIncluye referencias bibliográficas y notas al pie de las páginas.
500 _aDocumento presentado por el INDES-BID-INTEC en el Seminario Pobreza rural en América Latina y la República Dominicana: desafíos para el diseño y gestión de politicas y programas sociales realizado el 8-10 de marzo del 2001 en INTEC.
590 _aInventariado, 2026/BPMSU
650 7 _aPobreza rural
_zRepública Dominicana
650 7 _aPobreza rural
_zAmérica Latina
651 7 _aAmérica Latina
_xPolítica Social
700 1 _aLizardo, Jefrey,
_eeditor
710 2 _aBanco Dominicano de Desarrollo
710 2 _aInstituto Interamericano para el Desarrollo Social
710 2 _aInstituto Tecnológico de Santo Domingo
910 _aVMateo V. Control de calidad BPMSU
942 _2ddc
_cBK
999 _c15638
_d15638